000 00492nam a2200181Ia 4500
008 151202s9999||||xx |||||||||||||| ||und||
082 _bPNVM-27432
100 _aकदम बाबा.
245 _aभालू 2 री प्रत.
260 _b---
260 _c0
300 _a0
600 _aकदम बाबा.
630 _aभालू 2 री प्रत.
700 _aकदम बाबा.
730 _aभालू 2 री प्रत.
942 _cBOOK
999 _c1293401
_d1293398